Statistics for 2023内地城市GDP万亿俱乐部Chinese mainland cities with GDP ≥1 trillion yuan

Click here to take the quiz!

General Stats

  • This quiz has been taken 293 times
  • The average score is 24 of 26

Answer Stats

GDP/亿元城市% Correct
47219上海
100%
34606深圳
100%
30356广州
100%
30146重庆
100%
43761北京
100%
24653苏州
99%
22075成都
99%
20059杭州
99%
15760青岛
98%
20012武汉
98%
17421南京
98%
13618郑州
96%
16737天津
95%
12010西安
95%
12928福州
95%
14332长沙
95%
12757济南
95%
15456无锡
93%
16453宁波
93%
11438东莞
90%
13276佛山
88%
12674合肥
88%
10116常州
88%
11813南通
84%
12172泉州
80%
10162烟台
74%

Score Distribution

Percentile by Number Answered

Percent of People with Each Score

Your Score History

You have not taken this quiz